00453nam a2200085Ia 4500008004100000245003000041300021100071650002800282856005700310170517s9999 xx 000 0 und d aSpent: Looking for Change aWe all want to get the most out of life. A great family, an education, a business, a home... but for a growing number of Americans, the price of getting ahead is higher because of a financial system that... xBusiness and Economics. uhttp://topdocumentaryfilms.com/spent-looking-change/